| 000 | 01135nac a22002531u 4500 | ||
|---|---|---|---|
| 008 | 120605t xxu||||| |||| 00| 0 eng d | ||
| 020 | _a0782143709 | ||
| 020 | _a0782143709 | ||
| 020 | _a9780782143706 | ||
| 035 | _a(OCoLC)ocm57379079 | ||
| 082 | 0 | 0 |
_a004.62 _bB6425 |
| 100 |
_aBlank, Andrew G. _930007 |
||
| 245 | 1 | 0 |
_aTCP/IP Foundations / _cAndrew G. Blank. |
| 260 |
_aSan Francisco, Calif. : _bSybex, _c2004. |
||
| 300 |
_axv, 284 p. : _bill. ; _c23 cm. |
||
| 500 | _aIncludes index. | ||
| 650 | 0 |
_aTCP/IP (Computer network protocol) _930008 |
|
| 650 | 0 |
_aInternetworking (Telecommunication) _930009 |
|
| 856 | 4 | 2 |
_3Contributor biographical information _uhttp://www.loc.gov/catdir/enhancements/fy0619/2004109311-b.html |
| 856 | 4 | 2 |
_3Publisher description _uhttp://www.loc.gov/catdir/enhancements/fy0619/2004109311-d.html |
| 856 | 4 | 2 |
_3Table of contents _uhttp://www.loc.gov/catdir/enhancements/fy0619/2004109311-t.html |
| 942 |
_cBB _k004.62B6425 _2ddc |
||
| 999 |
_c553 _d553 |
||